Caricamento...

Voluntary organisations and social welfare

Dettagli Bibliografici
Autore principale: Abhu, Vijai praksash
Natura: Printed Book
Lingua:Undetermined
English
Pubblicazione: Jaipur AB D publishers 2000
Edizione:1
LEADER 00556nam a2200181Ia 4500
008 140306s9999 xx 000 0 und d
020 |a 8195771057 
041 |a eng 
082 |a 362  |b ABH/VO 
100 |a Abhu, Vijai praksash 
245 |a Voluntary organisations and social welfare 
250 |a 1 
260 |a Jaipur  |b AB D publishers  |c 2000 
300 |a 163 
365 |b Rs.400 
942 |2 ddc  |c BK 
999 |c 185615  |d 185615 
952 |0 0  |1 0  |2 ddc  |4 0  |6 362_000000000000000_ABH_VO  |7 0  |9 191506  |a KAUCBV  |b KAUCBV  |d 2004-10-03  |g 400.00  |o 362 ABH/VO  |r 2014-03-22  |w 2014-03-22  |y BK